| 000 | 00858cam a2200277 i 4500 | ||
|---|---|---|---|
| 001 | 17923692 | ||
| 003 | OSt | ||
| 005 | 20180116192431.0 | ||
| 008 | 131030s2013 nyua 000 0 eng | ||
| 010 | _a 2013474208 | ||
| 020 | _a9781435146112 | ||
| 040 |
_aDLC _beng _erda _cDLC |
||
| 042 | _apcc | ||
| 050 | 0 | 0 |
_aNC890 _b.T316 2013 |
| 082 | _a741.2 | ||
| 100 | 1 |
_aTadem, Ed, _eartist. _98189 |
|
| 245 | 1 | 0 |
_a50 things to draw : _b50 creative projects to unleash your drawing skills / _cEd Tadem. |
| 246 | 3 | _aFifty things to draw | |
| 260 |
_bWalter foster; _c2013. |
||
| 300 |
_a224 pages : _billustrations ; _c23 cm |
||
| 650 | 0 |
_aPencil drawing _xTechnique. _98190 |
|
| 650 | 0 |
_aDrawing _xTechnique. _98191 |
|
| 906 |
_a7 _bcbc _corignew _d2 _encip _f20 _gy-gencatlg |
||
| 942 |
_2ddc _cBK |
||
| 999 |
_c354104 _d354104 |
||